[Event "British Rapidplay"]
[Site "Peterborough"]
[Date "2024.03.03"]
[Round "8"]
[White "Vaidyanathan, Adithya"]
[Black "White, Stuart A"]
[Result "1-0"]
[WhiteElo "1900"]
[BlackElo "2020"]
[PlyCount "49"]
[EventDate "2024.03.02"]
[EventType "swiss (rapid)"]
[EventRounds "11"]
[EventCountry "ENG"]
[SourceTitle "CB10_2024"]
[SourceDate "2024.03.06"]
[SourceVersion "1"]
[SourceVersionDate "2024.03.06"]
[SourceQuality "1"]

1. Nf3 d5 2. d4 Nf6 3. c4 c6 4. cxd5 cxd5 5. Nc3 Nc6 6. Bf4 a6 7. e3 Bg4 8. Be2 e6 9. 0-0 Bd6 10. Bxd6 Qxd6 11. Nd2 Bxe2 12. Qxe2 0-0 13. Nb3 Nd7 14. Rac1 Rfc8 15. Rfd1 Qb4 16. Nc5 Nxc5 17. a3 Qc4 18. Qxc4 dxc4 19. dxc5 Ne5 20. Na4 Rd8 21. Rxd8+ Rxd8 22. h3 Rc8 23. f4 Nd3 24. Rxc4 b5 25. cxb6 1-0

[Event "Witney op-A 10th"]
[Site "Witney"]
[Date "2023.11.04"]
[Round "3"]
[White "Vaidyanathan, Adithya"]
[Black "Zhang, Junyi"]
[Result "1/2-1/2"]
[WhiteElo "1959"]
[BlackElo "1868"]
[PlyCount "113"]
[EventDate "2023.11.04"]
[EventType "swiss"]
[EventRounds "5"]
[EventCountry "ENG"]
[SourceTitle "CB46_2023"]
[SourceDate "2023.11.15"]
[SourceVersion "1"]
[SourceVersionDate "2023.11.15"]
[SourceQuality "1"]

1. Nf3 Nf6 2. d4 e6 3. c4 d5 4. Nc3 dxc4 5. e4 Bb4 6. e5 Nd5 7. Bd2 Nb6 8. a3 Be7 9. Bxc4 Nxc4 10. Qa4+ Qd7 11. Qxc4 b6 12. Qe2 Bb7 13. Be3 Nc6 14. 0-0 0-0-0 15. b4 g5 16. Rfd1 g4 17. Ne1 h5 18. Nc2 Nxe5 19. dxe5 Qc6 20. Qf1 Qxc3 21. Nd4 Rxd4 22. Rxd4 Qc6 23. Rc1 Qe8 24. Qc4 Bd8 25. Bg5 Bd5 26. Qc3 Qd7 27. Bxd8 Rxd8 28. b5 Qe7 29. a4 Rd7 30. a5 Qg5 31. axb6 axb6 32. Qa3 Qxe5 33. Ra4 Rd8 34. Ra7 Kd7 35. Qe3 Qd6 36. Qg5 Kc8 37. Qf6 Bb7 38. Qc3 Qd1+ 39. Qe1 Qd5 40. Qf1 h4 41. Ra4 h3 42. Rxg4 hxg2 43. Qe1 Qxb5 44. Qc3 Qd7 45. f3 c5 46. Rxg2 Qd5 47. Rg7 Qxf3 48. Qxf3 Bxf3 49. Rxf7 Rg8+ 50. Kf2 Bc6 51. Ra1 Rg2+ 52. Kf1 Rxh2 53. Raa7 Kb8 54. Rac7 Bd5 55. Rce7 Rh8 56. Rc7 Rf8 57. Ke2 1/2-1/2

[Event "ENG-ch Chessable"]
[Site "Kenilworth"]
[Date "2023.05.26"]
[Round "1"]
[White "Payne, Matthew"]
[Black "Vaidyanathan, Adithya"]
[Result "1-0"]
[WhiteElo "2153"]
[BlackElo "1478"]
[PlyCount "91"]
[EventDate "2023.05.26"]
[EventType "swiss"]
[EventRounds "7"]
[EventCountry "ENG"]
[SourceTitle "CBM 214 Extra"]
[Source "ChessBase"]
[SourceDate "2023.07.31"]
[SourceVersion "1"]
[SourceVersionDate "2023.07.31"]
[SourceQuality "1"]

1. e4 c5 2. Nc3 e6 3. Nf3 d5 4. exd5 exd5 5. Bb5+ Nc6 6. d4 Nf6 7. Bg5 Be7 8. dxc5 0-0 9. 0-0 d4 10. Bxf6 Bxf6 11. Ne4 Bg4 12. Bxc6 bxc6 13. Nxf6+ Qxf6 14. Qxd4 Qf5 15. Ne5 Be2 16. Rfe1 Rad8 17. Qc3 Qh5 18. Nxc6 Rde8 19. Nd4 Bg4 20. h3 Bc8 21. b4 Qd5 22. a4 Rd8 23. Rad1 Qg5 24. Nf3 Qg6 25. Ne5 Qh5 26. Rd6 Rfe8 27. Nc6 Rxe1+ 28. Qxe1 Rf8 29. Qe7 g6 30. Rd8 Qh6 31. Qxf8+ Qxf8 32. Ne7+ Kg7 33. Rxf8 Kxf8 34. Nxc8 a6 35. b5 axb5 36. axb5 Ke8 37. c6 Kd8 38. Nd6 f5 39. b6 h6 40. c7+ Kd7 41. c8Q+ Kxd6 42. b7 Ke7 43. b8Q Kf6 44. Qd6+ Kf7 45. Qcc7+ Ke8 46. Qdd8# 1-0

[Event "Daventry 4NCL Easter op-B 3rd"]
[Site "Daventry"]
[Date "2023.04.08"]
[Round "2"]
[White "Vaidyanathan, Adithya"]
[Black "Baxter, Martin"]
[Result "1-0"]
[WhiteElo "1387"]
[BlackElo "1766"]
[PlyCount "43"]
[EventDate "2023.04.07"]
[EventType "swiss"]
[EventRounds "7"]
[EventCountry "ENG"]
[SourceTitle "EXT 2024"]
[Source "ChessBase"]
[SourceDate "2023.10.10"]
[SourceVersion "1"]
[SourceVersionDate "2023.10.10"]
[SourceQuality "1"]

1. Nf3 Nf6 2. d4 g6 3. c4 Bg7 4. Nc3 d5 5. cxd5 Nxd5 6. e4 Nxc3 7. bxc3 c5 8. Be3 Nc6 9. Bb5 cxd4 10. Bxc6+ bxc6 11. cxd4 c5 12. 0-0 0-0 13. Qd2 Bb7 14. Rac1 cxd4 15. Bxd4 Bxe4 16. Bxg7 Kxg7 17. Qb2+ f6 18. Nd4 Bd5 19. Rfd1 Qd6 20. Nb5 Qd8 21. Nc7 Rb8 22. Qe2 1-0

[Event "BCF-chT3W 2223 (4NCL)"]
[Site "England"]
[Date "2023.02.04"]
[Round "5.16"]
[White "Page, Michael"]
[Black "Vaidyanathan, Adithya"]
[Result "0-1"]
[WhiteElo "1520"]
[BlackElo "1713"]
[PlyCount "50"]
[EventDate "2022.10.22"]
[EventType "team-tourn"]
[EventRounds "11"]
[EventCountry "ENG"]
[SourceTitle "EXT 2024"]
[Source "ChessBase"]
[SourceDate "2023.10.10"]
[SourceVersion "1"]
[SourceVersionDate "2023.10.10"]
[SourceQuality "1"]
[WhiteTeam "MK Phoenix II"]
[BlackTeam "Warwicks Select II"]
[WhiteTeamCountry "ENG"]
[BlackTeamCountry "ENG"]

1. e4 c5 2. Be2 Nc6 3. d3 e6 4. f4 d5 5. Nf3 dxe4 6. dxe4 Qxd1+ 7. Bxd1 b6 8. 0-0 Bb7 9. c3 Nf6 10. Nfd2 Ne7 11. Bf3 Rb8 12. Re1 Ng6 13. g3 h5 14. h4 Rd8 15. e5 Bxf3 16. Nxf3 Ng4 17. Kg2 Ne7 18. c4 Nf5 19. Re2 Rd3 20. Ne1 Rxg3+ 21. Kf1 Rh3 22. Kg1 Nd4 23. Rg2 Be7 24. Nc3 Bxh4 25. Bd2 Bxe1 0-1

[Event "Daventry 4NCL Easter op-C 2nd"]
[Site "Daventry"]
[Date "2022.04.17"]
[Round "4"]
[White "Hariharan, Shambavi"]
[Black "Vaidyanathan, Adithya"]
[Result "1-0"]
[WhiteElo "1466"]
[BlackElo "1590"]
[PlyCount "105"]
[EventDate "2022.04.15"]
[EventType "swiss"]
[EventRounds "7"]
[EventCountry "ENG"]
[SourceTitle "CBM 207 Extra"]
[Source "ChessBase"]
[SourceDate "2022.05.31"]
[SourceVersion "1"]
[SourceVersionDate "2022.05.31"]
[SourceQuality "1"]

1. d4 c5 2. Bf4 cxd4 3. Qxd4 Nc6 4. Qd1 e5 5. Bg3 d5 6. e3 Be6 7. c3 Nf6 8. Nd2 Be7 9. Bb5 e4 10. Ne2 0-0 11. 0-0 Nh5 12. Bxc6 bxc6 13. Nd4 Nxg3 14. Nxc6 Qc7 15. Nxe7+ Qxe7 16. hxg3 Rab8 17. Qc2 f5 18. Nb3 f4 19. exf4 Rf6 20. Nd4 Rb6 21. Rfe1 Qf7 22. Qd2 Rh6 23. f3 Qh5 24. fxe4 Qh2+ 25. Kf2 Bh3 26. Rg1 Rbg6 27. Ne2 Rd6 28. e5 Rd7 29. Qd4 Rb6 30. b3 Rf7 31. Qxd5 Rg6 32. Rh1 Qxg2+ 33. Qxg2 Bxg2 34. Kxg2 Rd7 35. Rad1 Rc7 36. f5 Ra6 37. e6 h6 38. Rhe1 Rxa2 39. c4 Kf8 40. Kg1 Ke7 41. Nf4 Rc8 42. Nd5+ Ke8 43. e7 Rb2 44. Nc7+ Kf7 45. Rd8 Rxd8 46. exd8Q Rxb3 47. Nd5 Rxg3+ 48. Kh2 Rg2+ 49. Kxg2 g5 50. Qe8+ Kg7 51. f6+ Kh7 52. Qf7+ Kh8 53. Qg7# 1-0

[Event "Daventry 4NCL Easter op-C 2nd"]
[Site "Daventry"]
[Date "2022.04.16"]
[Round "2"]
[White "Ward, Oliver J"]
[Black "Vaidyanathan, Adithya"]
[Result "0-1"]
[WhiteElo "1415"]
[BlackElo "1590"]
[PlyCount "118"]
[EventDate "2022.04.15"]
[EventType "swiss"]
[EventRounds "7"]
[EventCountry "ENG"]
[SourceTitle "CBM 207 Extra"]
[Source "ChessBase"]
[SourceDate "2022.05.31"]
[SourceVersion "1"]
[SourceVersionDate "2022.05.31"]
[SourceQuality "1"]

1. d4 d5 2. c4 e6 3. Nc3 Nf6 4. cxd5 exd5 5. Bg5 Be7 6. e3 h6 7. Bh4 0-0 8. Bd3 c5 9. Bxf6 Bxf6 10. Nge2 cxd4 11. exd4 Nc6 12. Bc2 Bg4 13. Qd3 g6 14. a3 Re8 15. 0-0 Qd6 16. Bb3 Rad8 17. Bxd5 Bf5 18. Qc4 Re7 19. Rad1 Rc8 20. Qc5 Qxc5 21. dxc5 Ne5 22. Ng3 Bd3 23. Rfe1 Bc2 24. Nge4 Bxd1 25. Nxf6+ Kg7 26. Rxd1 Kxf6 27. Ne4+ Kg7 28. b4 a5 29. f4 Ng4 30. Nd6 Rcc7 31. Nc4 axb4 32. axb4 Rcd7 33. Nb6 Rd8 34. Nc4 Rxd5 35. Rf1 Ne3 36. Re1 Rd1 37. Rxd1 Nxd1 38. g3 Re4 39. Ne5 Rxb4 40. c6 bxc6 41. Nxc6 Rb6 42. Ne5 f6 43. Nf3 g5 44. f5 Ne3 45. Nd4 Rd6 46. Nf3 Nxf5 47. Kg2 Ne3+ 48. Kf2 Ng4+ 49. Kg2 Ra6 50. h4 Ra2+ 51. Kh3 f5 52. hxg5 hxg5 53. Nd2 Nf2+ 54. Kg2 Rxd2 55. Kf3 g4+ 56. Ke3 Kg6 57. Kxd2 Ne4+ 58. Ke3 Nxg3 59. Kf4 Nh5+ 0-1

[Event "ENG-ch U10"]
[Site "Milton Keynes"]
[Date "2021.10.02"]
[Round "2"]
[White "Vaidyanathan, Adithya"]
[Black "Hariharan, Shambavi"]
[Result "0-1"]
[WhiteElo "1559"]
[BlackElo "858"]
[PlyCount "148"]
[EventDate "2021.10.02"]
[EventType "swiss"]
[EventRounds "7"]
[EventCountry "ENG"]
[SourceTitle "EXT 2023"]
[Source "ChessBase"]
[SourceDate "2022.10.05"]
[SourceVersion "1"]
[SourceVersionDate "2022.10.05"]
[SourceQuality "1"]

1. Nf3 d5 2. d4 Nf6 3. c4 c6 4. Bg5 e6 5. Nc3 h6 6. Bxf6 Qxf6 7. e3 Nd7 8. Rc1 dxc4 9. e4 b5 10. e5 Qd8 11. a4 a6 12. axb5 axb5 13. Be2 Be7 14. 0-0 0-0 15. Nd2 Nb6 16. Bf3 Nd5 17. b3 cxb3 18. Nxd5 cxd5 19. Qxb3 Ba6 20. Rc2 b4 21. Rfc1 Bb5 22. Rb2 Ra3 23. Qc2 Rc3 24. Qb1 Bd3 25. Qa1 Qc7 26. Re1 Rc8 27. Nb3 Bc2 28. Nc1 Ra3 29. Ra2 Rxa2 30. Qxa2 Bg6 31. h3 Qc3 32. Rf1 Qxd4 33. Qa6 Qc4 34. Qb7 Qc7 35. Qb5 Rb8 36. Qa4 Qb6 37. Qb3 d4 38. Be2 Rc8 39. Bd1 Rc3 40. Qb2 d3 41. Nb3 Rc8 42. Re1 Bc5 43. Nxc5 Qxc5 44. Bf3 Qc3 45. Qa1 Qxa1 46. Rxa1 b3 47. Rb1 Rb8 48. Bd1 b2 49. Kf1 d2 50. Rxb2 Rxb2 51. Ke2 Rb5 52. Kxd2 Rxe5 53. f4 Rd5+ 54. Ke2 Bd3+ 55. Ke3 Bf1 56. Bf3 Ra5 57. Kf2 Bc4 58. Kg3 Bd5 59. Be2 f5 60. Kh2 Ra2 61. Bf1 h5 62. h4 Kf7 63. Kh3 Ra1 64. Be2 Kf6 65. Bxh5 g6 66. Be2 e5 67. fxe5+ Kxe5 68. Kg3 f4+ 69. Kf2 Ra2 70. h5 gxh5 71. Kf1 h4 72. Bg4 Bxg2+ 73. Kg1 f3 74. Bh5 Kf4 0-1